Temas y tendencias del teatro actual

שמור ב:
מידע ביבליוגרפי
מחבר ראשי: Elizalde, Ignacio (Author)
פורמט: ספר
שפה:ספרדית
יצא לאור: Madrid Cupsa 1977
נושאים:
תגים: הוספת תג
אין תגיות, היה/י הראשונ/ה לתייג את הרשומה!

MARC

LEADER 00000nam a2200000 a 4500
001 UCQ5346
003 CL-VaPUC
008 980925e19770000SP |||||||||||||||||spa|d
082 0 4 |a 862.09  |b ELI  |2 21 
100 0 |a Elizalde, Ignacio  |e author  |9 419472 
245 1 0 |a Temas y tendencias del teatro actual 
300 |a 317 p 
942 |c BK 
945 |d 19980925 00:00:00  |a crobeson 
260 |a Madrid  |b Cupsa  |c 1977 
650 0 |a Drama español  |9 265098 
650 0 |a Literatura española  |9 306261 
650 0 |a Historia y crítica   |9 257407 
583 |a last modification  |c 19980925 00:00:00  |k Rodrigo Vera 
999 |c 275559  |d 275557 
952 |0 0  |1 0  |4 0  |6 862_090000000000000_ELI_1977  |7 0  |8 A  |9 312331  |a BIBEDU  |b BIBEDU  |d 2019-11-20  |i 1470671  |o 862.09 ELI 1977  |p 1470671  |r 2019-11-20  |w 2019-11-20  |y BK  |k LIT